000
00301nam a2200097Ia 4500
008
171211s9999 xx 000 0 und d
245
_a
Kali Arnis Eskrima Self-défense: avec armes et à mains nues
260
_c
2004
650
_x
Martial Arts
856
_u
http://down.ebook777.com/056/9782907736367.pdf
999
_c
348211
_d
348211